Hvilken dansk region... ? - Statistics

General Stats
  • This quiz has been taken 49 times
  • The average score is 9 of 20
Answer Stats
Hint Explanation Answer % Correct
… ligger Bornholm i Hovedstaden
73%
… ligger Samsø i Midtjylland
73%
… ligger Danmarks højeste naturlige punkt i Møllehøj Midtjylland
65%
… blev H.C. Andersen født i Odense Syddanmark
62%
… har den største befolkning 1.933.133 Hovedstaden
54%
… har Danmarks sydligste punkt Gedser Odde Sjælland
54%
… ligger Roskilde i Sjælland
54%
… har den mindste befolkning 593.135 Nordjylland
50%
… liger Fårup sommerland i Nordjylland
50%
… har en færgelinje til Fehmarn Fra Rødbyhavn Sjælland
42%
… ligger Kronborg Slot i Hovedstaden
38%
… ligger Danmarks største sø i Arresø Hovedstaden
35%
… har det største areal 13.008 km² Midtjylland
35%
… har flest domkirker 3 (Odense, Ribe, Haderslev) Syddanmark
35%
… har en færgelinje til Göteborg Fra Frederikshavn Nordjylland
31%
… har Danmarks vestligste punkt Blåvands Huk Syddanmark
31%
… består af færrest kommuner 11 Nordjylland
27%
… har flest af Danmarks 20 største øer 7 (Fyn, Als, Langeland, Ærø, Rømø, Tåsinge, Fanø) Syddanmark
27%
… har flest byer over 50.000 indbyggere 5 (Aarhus, Randers, Horsens, Silkeborg, Herning) Midtjylland
23%
… ligger Legoland i Billund Syddanmark
15%
No matching quizzes found
Score Distribution
Percent of People with Each Score
Percentile by Number Answered
Your Score History
You have not taken this quiz